Toutes les villes à plus de 100 000 habitants en France. - Statistiques

Statistiques générales
  • Ce quiz a été pris 130 fois
  • Le résultat moyen est 32 sur 41
Statistiques - réponses
Population Ville % Correct
2 113 705 Paris
100%
520 774 Lyon
99%
877 215 Marseille
99%
511 684 Toulouse
99%
238 695 Lille
97%
353 701 Nice
97%
265 328 Bordeaux
96%
291 709 Strasbourg
96%
307 101 Montpellier
93%
325 070 Nantes
92%
227 830 Rennes
92%
140 993 Brest
91%
178 478 Reims
83%
172 569 Saint-Etienne
83%
147 751 Clermont-Ferrand
81%
159 941 Dijon
81%
166 462 Le Havre
80%
121 695 Metz
80%
157 555 Angers
79%
156 389 Grenoble
79%
180 834 Toulon
79%
108 398 Caen
78%
116 344 Orléans
77%
156 149 Saint-Denis
77%
148 907 Saint-Denis
77%
133 780 Amiens
75%
104 387 Nancy
75%
138 668 Tours
75%
150 444 Nîmes
73%
120 996 Perpignan
70%
116 331 Rouen
68%
162 207 Villeurbanne
68%
129 754 Limoges
64%
145 182 Le Mans
62%
131 272 Annecy
61%
147 933 Aix-en-Provence
59%
120 057 Besançon
57%
110 758 Montreuil
47%
107 135 Argenteuil
41%
120 205 Boulogne-Billancourt
41%
104 924 Saint-Paul
28%
Aucun quiz correspondant
Distribution des résultats
% des personnes avec chaque résultat
Percentile par nombre de réponses
Votre historique - résultats
Vous n’avez pas pris ce quiz